000 01385nam a2200289Ia 4500
999 _c56383
_d56383
001 23496
003 GE_BSU
005 20241015095447.0
008 181216s2007||||ge |||||||||||||| ||geo||
020 _a9789992806869
040 _cGE_BSU
041 _ageo
080 _a94(479.22)(093):930.2:003.074(=353.1) კ-45
100 _aკვერენჩხილაძე, რევაზ
_911513
245 _aსაბუთები ღაღადებენ...
_cრევაზ კვერენჩხილაძე; [რედ. გიორგი ციციშვილი; მხატვ. მალხაზ თავაძე].
264 _aთბილისი,
_c2007.
300 _a404 გვ. :
_bფოტ. ;
_c20 სმ.
504 _aბიბლიოგრ.: გვ. 393-402.
541 _h15ლ.
653 _aისტორია
653 _aქართული ისტორიული წყაროები
653 _aქართული საარქივო დოკუმენტები
700 _aციციშვილი, გიორგი
_eრედაქტორი
_96830
700 _aთავაძე, მალხაზ
_eმხატვარი
_923392
856 _uhttps://dspace.nplg.gov.ge/bitstream/1234/400154/1/Sabutebi_Ghaghadeben_2007.pdf
_yელ. ვერსია
942 _cBK
_2udc